000 00785nam a2200157Ia 4500
008 090124s9999 xx 000 0 und d
082 _b42360
245 _aTHE VIKRAMORVASIYAM OF MALIDASA महाकवी कालिदासविरचित्-विक्रमोर्वशीयम्
250 _a0
260 _b"ए.आर. शेठ अॅण्ड कंपनी,"
_c1966
300 _a380
630 _aTHE VIKRAMORVASIYAM OF MALIDASA महाकवी कालिदासविरचित्-विक्रमोर्वशीयम्
700 _aपंडित एस.जी.
730 _aTHE VIKRAMORVASIYAM OF MALIDASA महाकवी कालिदासविरचित्-विक्रमोर्वशीयम्
942 _cBOOK
999 _c108532
_d108532